Santiago Iglesias, creador del movimiento obrero de Puerto Rico / (Record no. 173417)

MARC details
000 -LEADER
campo de control de longitud fija 00801nam a2200217 i 4500
001 - NÚMERO DE CONTROL
campo de control 173417
003 - IDENTIFICADOR DE NÚMERO DE CONTROL
campo de control ES-MaACL
005 - FECHA Y HORA DE LA ÚLTIMA TRANSACCIÓN
campo de control 20230906215232.0
008 - DATOS DE LONGITUD FIJA--INFORMACIÓN GENERAL
campo de control de longitud fija 091201s1979 pr f |||| |bspa d
020 ## - NÚMERO INTERNACIONAL ESTÁNDAR DEL LIBRO
Número Internacional Estándar del Libro 0-8477-0857-8
080 ## - NÚMERO DE LA CLASIFICACIÓN DECIMAL UNIVERSAL
Número de la Clasificación Decimal Universal 929 Iglesias Pantín, Santiago:327.32
080 ## - NÚMERO DE LA CLASIFICACIÓN DECIMAL UNIVERSAL
Número de la Clasificación Decimal Universal 327.32(729.5)"19"
100 1# - ENTRADA PRINCIPAL--NOMBRE DE PERSONA
Nombre de persona Córdova, Gonzalo F.
9 (RLIN) 152271
245 10 - MENCIÓN DEL TÍTULO
Título Santiago Iglesias, creador del movimiento obrero de Puerto Rico /
Mención de responsabilidad, etc. Gonzalo F. Córdova ; [traducción del inglés de Sara Irizarry Concepción].
260 ## - PUBLICACIÓN, DISTRIBUCIÓN, ETC.
Lugar de publicación, distribución, etc. Río Piedras, Puerto Rico :
Nombre del editor, distribuidor, etc. Editorial Universitaria,
Fecha de publicación, distribución, etc. 1979.
300 ## - DESCRIPCIÓN FÍSICA
Extensión 231 p., [5] h. de lám. ;
Dimensiones 22 cm.
500 ## - NOTA GENERAL
Nota general Índice.
600 14 - PUNTO DE ACCESO ADICIONAL DE MATERIA--NOMBRE DE PERSONA
Nombre de persona Iglesias Pantín, Santiago.
9 (RLIN) 152272
650 ## - PUNTO DE ACCESO ADICIONAL DE MATERIA--TÉRMINO DE MATERIA
Término de materia o nombre geográfico como elemento de entrada Movimiento obrero-
Subdivisión geográfica Puerto Rico.
9 (RLIN) 152273
852 ## - LOCALIZACIÓN
Ubicación ES-MaACL
Número de control de estantería C-57008
Holdings
Estatus retirado Estado de pérdida Estado de daño No para préstamo Biblioteca de origen Biblioteca actual Ubicación en estantería Fecha de adquisición Fuente de adquisición Total de préstamos Signatura topográfica completa Código de barras Visto por última vez Precio de reemplazo Tipo de ítem Koha
        Biblioteca del Ateneo de Madrid Biblioteca del Ateneo de Madrid Depósito 2 01/12/2009     C-57008 1181994 23/02/2023 23/02/2023 Libro impreso